| 000 | 00424nam a2200169Ia 4500 | ||
|---|---|---|---|
| 008 | 220204s9999 xx 000 0 und d | ||
| 082 |
_a581.145.1 _bHIL |
||
| 100 | _aHILMAN, William S | ||
| 245 | 0 | _aPhysiology of flowering | |
| 260 |
_aNew York _bHolt Reinhart _c1964 |
||
| 650 | _aChemical control | ||
| 650 | _aHormone | ||
| 650 | _aPhotoperiodism | ||
| 650 | _aTemperature | ||
| 650 | _aVernalization | ||
| 942 | _cBK | ||
| 999 |
_c20586 _d20586 |
||